000 00361nam a2200157Ia 4500
008 221030s9999 xx 000 0 und d
020 _a8178840926
041 _aEnglish
082 _a105.23
_bSof
100 _aS. K. Sofat
245 0 _aOops Using C & C++
260 _bCyber Tech Pub
_aNew Delhi
_c2003
300 _a264
650 _aComputers
942 _cBK
999 _c1406
_d1406